| 000 | 00000nam##2200000za#4500 |
| 001 | 9.612109 |
| 003 | CaOODSP |
| 005 | 20200327123926 |
| 007 | ta |
| 008 | 150406|1995||||xxc||||| f|0| 0 eng|d |
| 022 | |a0825-0170 |
| 040 | |aCaOODSP|beng |
| 043 | |an-cn--- |
| 086 | 1 |aNE12-3/10-1995E |
| 110 | 1 |aCanada. |bNational Energy Board. |
| 245 | 10|aPipeline tolls and tariffs: a compendium of terms |
| 260 | |aCalgary - Alberta : |bNational Energy Board |c1995. |
| 300 | |a6p. ; |c28 cm. |
| 490 | 1 |aInformation bulletin |x0825-0170|vX |
| 500 | |a"This information bulletin provides general explanations of the terms commonly used in the regulation of pipeline tolls and tariffs under Part IV of the National Energy Board Act."--Cover page. |
| 520 | 3 |aThis information bulletin provides general explanations of the terms commonly used in the regulation of pipeline tolls and tariffs under Part IV of the National Energy Board Act.--Cover page |
| 563 | |aProcessed |
| 776 | 0#|tPipeline tolls and tariffs : |w(CaOODSP)9.573031 |
| 830 | #0|aInformation bulletin,|x0825-0170|vX|w(CaOODSP)9.514804 |